Taylor Swift Songs by Synonyms - Statistics

General Stats
  • This quiz has been taken 522 times
  • The average score is 9 of 15
Answer Stats
Hint Answer % Correct
Empty Area Blank Space
93%
Sweater Cardigan
87%
Vocalize Immediately Speak Now
87%
Droplets On My Instrument Teardrops On My Guitar
87%
Return to Christmastime Back to December
83%
The Lad The Man
73%
Start Over Begin Again
70%
My Drops Bounce My Tears Ricochet
68%
Cattleman Similar to Me Cowboy Like Me
67%
Pupils Ajar Eyes Open
56%
Dainty Delicate
50%
Courageous Fearless
45%
Yellow Dash Gold Rush
34%
Silly Individual Foolish One
27%
Essay Band Paper Rings
16%
No matching quizzes found
Score Distribution
Percent of People with Each Score
Percentile by Number Answered
Your Score History
You have not taken this quiz